Score 0/45 Timer 10:00
1 Play Today
Answer % Correct
United States of America
95.9%
China
92.9%
China
92.9%
United Kingdom
91.7%
Russia
90.2%
Russia
90.2%
France
89.2%
Niger
86.1%
Nigeria
85.5%
United States of America
85.2%
Iran
84.6%
United Arab Emirates
84.2%
India
84.2%
India
84.2%
Norway
82.4%
Namibia
80.7%
South Korea
80.2%
Iraq
79.7%
Nicaragua
79.4%
New Zealand
76.9%
Pakistan
75.4%
Netherlands
75.3%
Israel
74.7%
Answer % Correct
Nepal
73.6%
Nauru
71.9%
Taiwan
63.2%
Saudi Arabia
63.1%
Malaysia
61%
Cuba
59.5%
Vietnam
50.8%
Qatar
46.8%
South Africa
36.2%
Bhutan
33.9%
Belgium
32.6%
Myanmar
30.3%
Sri Lanka
29.1%
Honduras
26.9%
Bulgaria
26.9%
Estonia
26.8%
Croatia
26.3%
Eritrea
26.3%
Benin
25.4%
Georgia
24.8%
Liberia
23.5%
Malawi
22%
Remove Ads.
Support Sporcle.
Get the best of Sporcle when you Go Orange. This ad-free experience offers more features, more stats, and more fun while also helping to support Sporcle. Thank you for becoming a member.

You're not logged in!

Compare scores with friends on all Sporcle quizzes.
OR
Log In

Show Comments

Extras

Top Quizzes Today


Score Distribution

Your Account Isn't Verified!

In order to create a playlist on Sporcle, you need to verify the email address you used during registration. Go to your Sporcle Settings to finish the process.

Report this User

Report this user for behavior that violates our Community Guidelines.

Details: